000 00207 a2200097 4500
001 57441
100 _a
245 _aSatellite communications
260 _aBoston
_bMcGraw HIll
_c2001
090 _c35172
_d35172
942 _aNUST-CAE
_c
_c27972
999 _c292514
_d292514